| 000 | 00892nam a22002657a 4500 | ||
|---|---|---|---|
| 001 | 7124 | ||
| 003 | FISKH | ||
| 005 | 20250624142530.0 | ||
| 008 | 250624b cb ||||| |||| 00| 0 eng d | ||
| 040 |
_aFISKH _beng _cFISKH _dFISKH |
||
| 050 | _aPZ8.M85 A | ||
| 082 | _a398.8 | ||
| 100 | _aAnglund, Joan Walsh | ||
| 245 |
_aIn a pumpkin shell : _bA mother goose ABC / _cBy Joan Walsh Anglund |
||
| 260 |
_aNew York : _bHarcour, Brace & World., _c1960. |
||
| 300 |
_a31 unnumbered pages : _bcolor illustrations ; _c25 cm . |
||
| 505 | _aM | ||
| 520 | _aAn alphabet book giving a Mother Goose rhyme for each letter, such as Three Blind Mice for the letter "M." | ||
| 521 | 8 |
_a550
_bLexile estimate |
|
| 521 | 8 |
_aM
_bRaz-Plus |
|
| 650 |
_aNursery rhymes _vJuvenile Literature |
||
| 650 |
_aMother goose poem _vJuvenile Literature |
||
| 942 |
_2ddc _cBK _n0 |
||
| 999 |
_c7124 _d7124 |
||